El primado de la persona en la moral contemporánea

Saved in:
书目详细资料
主要作者: Sarmiento, Augusto (Author)
格式: 图书
语言:西班牙语
出版: Pamplona Universidad de Navarra 1997
主题:
标签: 添加标签
没有标签, 成为第一个标记此记录!

MARC

LEADER 00000nam a2200000 a 4500
001 UCN8143
003 CL-VaPUC
005 20220319074525.0
008 011109e19970000sp 1 spa d
082 0 4 |a 241  |b SAR  |2 21 
100 1 |a Sarmiento, Augusto  |e author  |9 620030 
245 1 3 |a El primado de la persona en la moral contemporánea 
260 |a Pamplona  |b Universidad de Navarra  |c 1997 
300 |a 819 p 
583 |a last modification  |c 20011109 00:00:00  |k Rodrigo Vera 
650 0 0 |a Teología moral   |9 256617 
650 0 7 |a PERSONA  |2 CL-VaPUC  |9 327934 
650 0 0 |a Moral  |9 265913 
650 0 7 |a MORALIDAD  |2 CL-VaPUC  |9 379765 
650 0 0 |a Personalismo  |9 308807 
650 0 0 |a Ética  |9 255099 
942 |c BK 
945 |a vberengu  |d 20011109 00:00:00 
546 |a En Español 
536 |a Universidad de Navarra 
518 |p Simposio Internacional de Teología, 17, Pamplona, 17-19 de abril de 1996 
999 |c 383725  |d 383723 
952 |0 0  |1 0  |4 0  |6 241_000000000000000_SAR_1997  |7 0  |8 A  |9 505962  |a BIBTEO  |b BIBTEO  |d 2020-01-23  |i 3667669  |o 241 SAR 1997  |p 3667669  |r 2025-01-17  |w 2020-01-23  |y BK  |k ICR